Disney Animation Villains by Picture - Statistics

General Stats
  • This quiz has been taken 1,425 times
  • The average score is 12 of 16
Answer Stats
Picture Answer % Correct
Scar
97%
Captain Hook
91%
Ursula
90%
Cruella de Vil
88%
Jafar
88%
Hades
84%
Gaston
81%
Maleficent
79%
Prince Hans
79%
Queen of Hearts
76%
Evil Queen
70%
Lady Tremaine
65%
Mother Gothel
65%
Shere Khan
59%
Shan Yu
36%
Tamatoa
36%
No matching quizzes found
Score Distribution
Percent of People with Each Score
Percentile by Number Answered
Your Score History
You have not taken this quiz